[Event "Challenge"]
[Site "http://www.queenalice.com/game.php?id=659929"]
[Date "2009.9.29"]
[Round "-"]
[White "jsv"]
[Black "Bergman"]
[Result "0-1"]
[WhiteElo "1100"]
[BlackElo "2846"]

1. e4 e5 2. Nf3 Nf6 3. d4 Nxe4 4. Bd3 d5 5. Nxe5 Bd6 6. O-O O-O 7. Nc3 Nxc3 8.
bxc3 c5 9. Re1 c4 10. Bf1 Nc6 11. Qf3 Be6 12. Bf4 Nxe5 13. dxe5 Be7 14. Rab1 Rb8
15. Rb2 Qa5 16. Reb1 b5 17. Qg3 Bf5 18. Be2 Ba3 19. e6 Rb7 20. Bh6 Bg6 21. Rxb5
Rxb5 22. Bxg7 Rxb1+ 23. Bf1 Kxg7 0-1

[Event "AUTO-OPEN-1707"]
[Site "http://www.queenalice.com/game.php?id=660139"]
[Date "2009.9.29"]
[Round "1"]
[White "chapichapo"]
[Black "jsv"]
[Result "1-0"]
[WhiteElo "1842"]
[BlackElo "1317"]

1. e4 e5 2. Nf3 Nf6 3. Nxe5 d6 4. Nf3 Nxe4 5. Qe2 Qe7 6. d3 Nc5 7. Bg5 f6 8. Bh4
Bg4 9. Nbd2 Nbd7 10. O-O-O O-O-O 11. d4 Na6 12. Qxe7 Bxe7 13. Re1 Rhe8 14. Bxa6
bxa6 15. h3 Bxf3 16. Nxf3 d5 17. Re3 g5 18. Bg3 Nb6 19. Rhe1 Kd7 20. Bxc7 Rc8
21. Bg3 f5 22. Ne5+ Kd8 23. Nf7+ Kd7 24. Bh2 Nc4 25. Ne5+ Kd8 26. Nxc4 dxc4 27.
Bd6 1-0

[Event "AUTO-OPEN-1707"]
[Site "http://www.queenalice.com/game.php?id=660140"]
[Date "2009.9.29"]
[Round "1"]
[White "jsv"]
[Black "chapichapo"]
[Result "1-0"]
[WhiteElo "1317"]
[BlackElo "1842"]

1. e4 e5 2. Nf3 Nf6 3. d4 Nxe4 4. Bd3 d5 5. Nxe5 Qe7 6. O-O Be6 7. Re1 Nc6 8.
Bxe4 dxe4 9. Rxe4 Bd5 10. Re3 O-O-O 11. Nxc6 Qg5 12. Rg3 Qf6 13. Nxd8 Qxd8 14.
Nc3 h5 15. Rg5 Bc6 16. Rxh5 Rxh5 17. Qxh5 g6 18. Qg4+ Kb8 19. Be3 Bd7 20. Qg3
Bd6 21. Bf4 Qf6 22. Bxd6 cxd6 23. Ne4 Qxd4 24. Qxd6+ Qxd6 25. Nxd6 1-0

[Event "AUTO-OPEN-1707"]
[Site "http://www.queenalice.com/game.php?id=660161"]
[Date "2009.9.29"]
[Round "1"]
[White "rob0330"]
[Black "jsv"]
[Result "1-0"]
[WhiteElo "1759"]
[BlackElo "1114"]

1. Nf3 d5 2. g3 Nf6 3. Bg2 c5 4. O-O Nc6 5. d3 e5 6. Nbd2 Be7 7. e4 O-O 8. c3 d4
9. cxd4 cxd4 10. Nc4 Bg4 11. h3 Bxf3 12. Qxf3 b5 13. Nd2 1-0

[Event "Let's Play Chess!"]
[Site "http://www.queenalice.com/game.php?id=660877"]
[Date "2009.10.1"]
[Round "-"]
[White "mestre_leonardo"]
[Black "jsv"]
[Result "1/2-1/2"]
[WhiteElo "1554"]
[BlackElo "1245"]

1. e4 e5 2. Nf3 Nf6 3. Nc3 Bb4 4. d3 d5 5. exd5 Nxd5 6. Bd2 Nc6 7. Nxd5 Bxd2+ 8.
Qxd2 Qxd5 9. c4 Qd6 10. Qg5 O-O 11. h4 Qb4+ 12. Qd2 Bg4 13. a3 Qxd2+ 14. Nxd2
Rfe8 15. f3 Bd7 16. Ne4 Nd4 17. Rc1 f5 18. Nc5 Bc6 19. Rc3 e4 20. dxe4 fxe4 21.
fxe4 Bxe4 22. Nxe4 Rxe4+ 23. Kd2 Rae8 24. Rd3 c5 25. g3 Re1 26. b4 b6 27. bxc5
bxc5 28. g4 h6 29. g5 hxg5 30. hxg5 g6 31. Rg1 R8e5 32. a4 a5 33. Rh1 Kg7 34.
Rg1 Kf7 35. Rh1 Ke7 36. Rg1 1/2-1/2

[Event "AUTO-BEG-344"]
[Site "http://www.queenalice.com/game.php?id=662700"]
[Date "2009.10.4"]
[Round "1"]
[White "jsv"]
[Black "AndreBerton"]
[Result "0-1"]
[WhiteElo "1124"]
[BlackElo "1343"]

1. e4 e5 2. Nf3 Qh4 3. Nxh4 Nf6 4. Nc3 d6 5. Bb5+ Nc6 6. O-O a6 7. Nd5 Kd8 8.
Ba4 Nxe4 9. d3 Nc5 10. Bb3 Nd4 11. c3 Nde6 12. d4 Ne4 0-1

[Event "AUTO-BEG-344"]
[Site "http://www.queenalice.com/game.php?id=662701"]
[Date "2009.10.4"]
[Round "1"]
[White "AndreBerton"]
[Black "jsv"]
[Result "1-0"]
[WhiteElo "1335"]
[BlackElo "1135"]

1. e4 e5 2. Bc4 Nf6 3. Nh3 Bc5 4. Ng5 d5 5. exd5 Nxd5 6. Qf3 Qxg5 7. Bxd5 c6 8.
Qxf7+ Kd8 9. h4 Qf6 10. Qh5 Qxf2+ 11. Kd1 g6 12. Qxe5 1-0

[Event "AUTO-BEG-344"]
[Site "http://www.queenalice.com/game.php?id=662702"]
[Date "2009.10.4"]
[Round "1"]
[White "jsv"]
[Black "RobinL"]
[Result "0-1"]
[WhiteElo "1188"]
[BlackElo "1279"]

1. e4 e5 2. Nf3 d6 3. d4 Nc6 4. dxe5 dxe5 5. Qxd8+ Kxd8 6. Bc4 Be6 7. Nbd2 Nf6
8. Bxe6 fxe6 9. Nc4 Bd6 10. Bg5 Kd7 11. Bxf6 gxf6 12. O-O Nd4 13. Nxd4 exd4 14.
c3 e5 15. cxd4 exd4 16. Rad1 Be5 0-1